| 000 | 00424cam a2200181ua 4500 | ||
|---|---|---|---|
| 020 | _c1.00 | ||
| 041 |
_amal _h |
||
| 082 |
_a894.812 301 _bKUN/NA |
||
| 100 | _aKunchu, N . | ||
| 245 |
_aNammude pavangal / _cN Kunchu. _hTextual Documents |
||
| 250 |
_a1 / _b. |
||
| 260 |
_aTiruvalla : _bSaraswathi Prakshan , _c1946. |
||
| 300 | _a64 ; . | ||
| 365 | _a1.00 | ||
| 504 | _a | ||
| 942 | _cBK | ||
| 999 |
_c6504 _d6504 |
||